[Event "Trophee Roza Lallemand Online"]
[Site "Tornelo INT"]
[Date "2020.12.13"]
[Round "9"]
[White "Breysse, Astrid"]
[Black "Adrian, Louise"]
[Result "1-0"]
[WhiteElo "1666"]
[BlackElo "1575"]
[PlyCount "47"]
[EventDate "2020.12.13"]
[EventType "swiss (rapid)"]
[EventRounds "9"]
[EventCountry "USA"]
[SourceTitle "EXT 2022"]
[Source "ChessBase"]
[SourceDate "2021.10.06"]
[SourceVersion "1"]
[SourceVersionDate "2021.10.06"]
[SourceQuality "1"]

1. e4 c5 2. Nf3 g6 3. Bd3 Bg7 4. Bc4 Nc6 5. 0-0 e6 6. Nc3 Nge7 7. d3 0-0 8. Bg5 f6 9. Bh4 d5 10. exd5 exd5 11. Bb3 Bg4 12. h3 Bc8 13. Re1 Kh8 14. Qe2 Bf5 15. Rad1 Re8 16. Nxd5 g5 17. Bg3 Nxd5 18. Qxe8+ Qxe8 19. Rxe8+ Rxe8 20. Bxd5 Re2 21. Rc1 Bh6 22. Re1 Rxc2 23. Re8+ Kg7 24. Rg8# 1-0

[Event "Trophee Roza Lallemand Online"]
[Site "Tornelo INT"]
[Date "2020.12.13"]
[Round "5"]
[White "Breysse, Astrid"]
[Black "Girondin, Eveline"]
[Result "1-0"]
[WhiteElo "1666"]
[BlackElo "1348"]
[PlyCount "117"]
[EventDate "2020.12.13"]
[EventType "swiss (rapid)"]
[EventRounds "9"]
[EventCountry "USA"]
[SourceTitle "EXT 2022"]
[Source "ChessBase"]
[SourceDate "2021.10.06"]
[SourceVersion "1"]
[SourceVersionDate "2021.10.06"]
[SourceQuality "1"]

1. e4 e5 2. Nf3 Nc6 3. Bc4 h6 4. 0-0 Nf6 5. d3 Be7 6. c3 0-0 7. Re1 a6 8. Bb3 b5 9. d4 d5 10. exd5 Nxd5 11. Nxe5 Nxe5 12. dxe5 Be6 13. Nd2 c5 14. Ne4 c4 15. Bc2 Ra7 16. a4 Rd7 17. axb5 Nxc3 18. Qf3 Nxb5 19. Rxa6 Nd4 20. Qc3 Nxc2 21. Qxc2 Bf5 22. h3 Bxe4 23. Qxe4 Rd1 24. Bf4 Rxe1+ 25. Qxe1 g5 26. Be3 Qb8 27. Qb1 c3 28. Rxh6 c2 29. Qxc2 f5 30. exf6 Kf7 31. fxe7 Kxe7 32. Qe4+ Kd7 33. Qd5+ Kc8 34. Qc6+ Qc7 35. Qa8+ Qb8 36. Rc6+ Kd7 37. Qxb8 Rxb8 38. Rc2 Ke6 39. Bxg5 Kf5 40. Be7 Rb7 41. Bd6 Ke4 42. b4 Kd3 43. Rc7 Rb6 44. Bc5 Re6 45. Rd7+ Kc4 46. Rd6 Re1+ 47. Kh2 Re5 48. g4 Rg5 49. f4 Rg8 50. Kg3 Re8 51. g5 Ra8 52. g6 Ra3+ 53. Kg4 Ra1 54. f5 Re1 55. Rd8 Re4+ 56. Kg5 Re3 57. Bxe3 Kxb4 58. g7 Kc4 59. g8Q+ 1-0

[Event "Trophee Roza Lallemand Online"]
[Site "Tornelo INT"]
[Date "2020.12.13"]
[Round "1"]
[White "Breysse, Astrid"]
[Black "Wittenberg, Serena"]
[Result "0-1"]
[WhiteElo "1666"]
[BlackElo "1447"]
[PlyCount "118"]
[EventDate "2020.12.13"]
[EventType "swiss (rapid)"]
[EventRounds "9"]
[EventCountry "USA"]
[SourceTitle "EXT 2022"]
[Source "ChessBase"]
[SourceDate "2021.10.06"]
[SourceVersion "1"]
[SourceVersionDate "2021.10.06"]
[SourceQuality "1"]

1. e4 e6 2. d4 d5 3. e5 c5 4. c3 Nc6 5. Nf3 Nh6 6. a3 cxd4 7. cxd4 Nf5 8. b4 Bd7 9. Bb2 Be7 10. Be2 0-0 11. 0-0 f6 12. Re1 Rc8 13. Nbd2 fxe5 14. dxe5 Qc7 15. Nb3 Nd8 16. Rc1 Qb6 17. Rxc8 Bxc8 18. Bd3 Nc6 19. Bc2 a6 20. Qd3 g6 21. h3 Bd7 22. Nbd4 Nfxd4 23. Nxd4 a5 24. b5 Nxd4 25. Bxd4 Qxb5 26. Qxb5 Bxb5 27. Rb1 Ba6 28. Bb6 Bxa3 29. Bxa5 Bc5 30. Be1 Kg7 31. Ba4 Bd4 32. Bd7 Kf7 33. Rb3 Rd8 34. Rf3+ Ke7 35. Ba4 Bxe5 36. Bb4+ Bd6 37. Bc3 Rf8 38. Re3 Bc5 39. Rf3 Rxf3 40. gxf3 Kd6 41. Kg2 e5 42. Kg3 d4 43. Bd2 Kd5 44. Bb3+ Bc4 45. Bc2 d3 46. Ba4 b5 47. Bd1 b4 48. f4 exf4+ 49. Kxf4 b3 50. Bc3 Bxf2 51. Bf3+ Kc5 52. Ke4 Bh4 53. Bd1 Be7 54. Ke3 Bd6 55. Bb2 Kb4 56. Kd2 Bc5 57. Bc3+ Ka3 58. Kc1 Bb4 59. Bb2+ Ka2 0-1

[Event "FRA-ch U18 Girls"]
[Site "Hyeres"]
[Date "2019.04.20"]
[Round "8"]
[White "Breysse, Astrid"]
[Black "Conti, Anne Marie"]
[Result "1-0"]
[WhiteElo "1628"]
[BlackElo "1809"]
[PlyCount "75"]
[EventDate "2019.04.14"]
[EventType "swiss"]
[EventRounds "9"]
[EventCountry "FRA"]
[SourceTitle "CBM 190 Extra"]
[Source "ChessBase"]
[SourceDate "2019.07.15"]
[SourceVersion "1"]
[SourceVersionDate "2019.07.15"]
[SourceQuality "1"]

1. e4 c5 2. Nf3 Nc6 3. d4 cxd4 4. Nxd4 e5 5. Nb5 d6 6. N1c3 a6 7. Na3 b5 8. Nd5 Nge7 9. c4 Nd4 10. Be3 Nxd5 11. cxd5 g6 12. Bxd4 exd4 13. Qxd4 Rg8 14. Be2 Bg7 15. Qd2 Ra7 16. 0-0 h5 17. Rac1 Re7 18. Rfe1 Bb7 19. b3 Kf8 20. Bd3 h4 21. h3 Rh8 22. Nc2 f6 23. Nd4 Kf7 24. Ne6 Qb8 25. Rc2 Bh6 26. f4 Bc8 27. Qf2 Bxe6 28. dxe6+ Rxe6 29. Qxh4 Bg7 30. Qf2 Rhe8 31. Rc6 f5 32. Rxa6 fxe4 33. f5 gxf5 34. Qxf5+ Rf6 35. Qd5+ Kf8 36. Rxe4 Rc8 37. Kh2 Rf7 38. Qxd6+ 1-0